000 01656nam a2200361 i 4500
001 000047870
003 DO-SdBNP
005 20251021101012.0
007 ta
008 091202s2017 dr r 000 0 spa d
020 _a9789945443783
040 _aDO-SdBNP
_bspa
_cBNPHU
_erda
041 _aspa
082 4 _aRD862.09
_bA634t
_222
245 0 0 _aAntología de teatro clásicos en la literatura dramática dominicana :
_b(siglos XVI-XXI) /
_cedición y estudio preliminar, Bienvenida Polanco Díaz.
264 4 _aSanto Domingo, República Dominicana :
_bRefinería Dominicana de Petróleo,
_c©2017.
300 _a775 páginas ;
_c25 cm.
336 _atexto
_btxt
_2rdacontent
337 _asin mediación
_bn
_2rdamedia
338 _avolumen
_bnc
_2rdacarrier
490 0 _aColección teatro dominicano
500 _aIncluye datos biográficos de la autora en la página 775
504 _aBibliografía: páginas 755-773
505 2 _aPresentación /
_rFelucho Jiménez --
_tSalutación a una antología /
_rBruno Rosario Candelier --
_tEstudio priliminares / --
_rBienvenida Polanco Díaz --
_gSiglo XVI:
_tDel renacimiento al Barroco/
_rCristóbal de Llerena y Rueda --
_gSiglo XXI :
_tLa dramaturgía premiada. De nuevo los Clásicos de las Vanguardia --
590 _aInventariado, 2018/VM
650 4 _xTeatro dominicano
_98497
650 4 _aTeatro dominicano
_xHistoria y crítica
_931569
650 4 _aLiteratura dominicana
700 1 _aPolanco Díaz, Bienvenida,
_eedición
_975432
_4ed.
710 2 _aRefineria Dominicana de Petróleo (República Dominicana)
_975431
910 _aValidado. Control de calidad MFF
942 _2ddc
_cLBS1
999 _c47358
_d47358